[Event "v4camp2016"]
[Site "?"]
[Date "2016.06.23"]
[Round "4.18"]
[White "Gemsa, Pavel"]
[Black "Krupa, Miroslav"]
[Result "1/2-1/2"]
[BlackElo "1889"]
[WhiteElo "1973"]
[LiveChessVersion "1.4.8"]

1. e4 {[%clk 1:30:57]} c5 {[%clk 1:30:53]} 2. Nc3 {[%clk 1:31:23]} e6
{[%clk 1:31:17]} 3. f4 {[%clk 1:31:47]} d5 {[%clk 1:30:06]} 4. d3
{[%clk 1:32:09]} Nc6 {[%clk 1:29:36]} 5. Nf3 {[%clk 1:32:12]} Nf6
{[%clk 1:26:38]} 6. e5 {[%clk 1:32:08]} d4 {[%clk 1:17:37]} 7. Ne4
{[%clk 1:25:17]} Nxe4 {[%clk 1:13:48]} 8. dxe4 {[%clk 1:24:21]} Qc7
{[%clk 1:11:46]} 9. Bc4 {[%clk 1:21:59]} Be7 {[%clk 1:08:50]} 10. O-O
{[%clk 1:17:25]} O-O {[%clk 1:09:04]} 11. Qe1 {[%clk 1:17:00]} f6
{[%clk 1:00:59]} 12. exf6 {[%clk 1:15:51]} Bxf6 {[%clk 1:01:08]} 13. f5
{[%clk 1:14:36]} Kh8 {[%clk 1:00:04]} 14. fxe6 {[%clk 1:11:05]} Re8
{[%clk 0:59:45]} 15. Ng5 {[%clk 1:08:58]} Bxg5 {[%clk 0:58:09]} 16. Bxg5
{[%clk 1:07:19]} Bxe6 {[%clk 0:56:00]} 17. Bxe6 {[%clk 1:06:18]} Rxe6
{[%clk 0:55:47]} 18. Rf5 {[%clk 1:04:41]} h6 {[%clk 0:42:04]} 19. Qh4
{[%clk 0:59:52]} Kg8 {[%clk 0:38:14]} 20. Bd2 {[%clk 0:51:05]} Rae8
{[%clk 0:26:15]} 21. Raf1 {[%clk 0:47:27]} Rxe4 {[%clk 0:20:38]} 22. Qh5
{[%clk 0:47:30]} Qe7 {[%clk 0:14:54]} 23. Rf7 {[%clk 0:46:11]} Qe5
{[%clk 0:09:44]} 24. R1f5 {[%clk 0:42:36]} Qd6 {[%clk 0:07:57]} 25. Rxg7+
{[%clk 0:41:30]} Kxg7 {[%clk 0:06:20]} 26. Bxh6+ {[%clk 0:41:51]} Qxh6
{[%clk 0:06:34]} 27. Rf7+ {[%clk 0:42:08]} Kg8 {[%clk 0:06:50]} 28. Qxh6
{[%clk 0:42:17]} Kxf7 {[%clk 0:07:04]} 29. Qh7+ {[%clk 0:42:21]} Kf6
{[%clk 0:05:06]} 30. Qh6+ {[%clk 0:42:17]} Ke7 {[%clk 0:02:11]} 31. Qh7+
{[%clk 0:42:25]} Kd6 {[%clk 0:01:40]} 32. Qxb7 {[%clk 0:42:25]} Re1+
{[%clk 0:01:29]} 33. Kf2 {[%clk 0:42:54]} R8e2+ {[%clk 0:01:01]} 34. Kg3
{[%clk 0:42:21]} Re7 {[%clk 0:00:58]} 35. Qc8 {[%clk 0:42:03]} R1e3+
{[%clk 0:01:20]} 36. Kh4 {[%clk 0:41:47]} Rh7+ {[%clk 0:01:06]} 37. Kg5
{[%clk 0:42:10]} Re5+ {[%clk 0:01:22]} 38. Kf4 {[%clk 0:41:30]} Rf7+
{[%clk 0:01:29]} 39. Kg4 {[%clk 0:41:27]} Re6 {[%clk 0:00:39]} 40. h4
{[%clk 0:40:24]} Rg7+ {[%clk 0:00:36]} 41. Kh3 {[%clk 0:40:39]} Ree7
{[%clk 0:00:37]} 42. h5 {[%clk 0:38:57]} Rg5 {[%clk 0:00:40]} 43. Kh4
{[%clk 0:38:43]} Rxg2 {[%clk 0:00:46]} 44. Qf8 {[%clk 0:38:19]} Rge2
{[%clk 0:00:37]} 45. h6 {[%clk 0:38:24]} R2e4+ {[%clk 0:00:50]} 46. Kg3
{[%clk 0:38:36]} Re3+ {[%clk 0:01:11]} 47. Kh4 {[%clk 0:38:56]} R3e4+
{[%clk 0:01:08]} 48. Kg3 {[%clk 0:39:24]} 1/2-1/2

[Event "v4camp2016"]
[Site "?"]
[Date "2016.06.23"]
[Round "4.19"]
[White "Batora, Matej"]
[Black "Vavrinkova, Eliska"]
[Result "1-0"]
[BlackElo "1679"]
[WhiteElo "1897"]
[LiveChessVersion "1.4.8"]

1. e4 {[%clk 1:30:55]} d5 {[%clk 1:30:56]} 2. exd5 {[%clk 1:31:21]} Qxd5
{[%clk 1:31:23]} 3. Nc3 {[%clk 1:31:46]} Qd6 {[%clk 1:31:50]} 4. d4
{[%clk 1:31:34]} Nf6 {[%clk 1:32:10]} 5. Nf3 {[%clk 1:31:18]} a6 {[%clk 1:32:31]}
6. a4 {[%clk 1:17:52]} Nc6 7. g3 {[%clk 1:06:51]} Bg4 {[%clk 1:30:29]} 8. d5
{[%clk 1:04:19]} Nb4 {[%clk 1:29:06]} 9. Bg2 {[%clk 0:56:57]} O-O-O
{[%clk 1:28:07]} 10. O-O {[%clk 0:40:16]} Nbxd5 {[%clk 1:26:51]} 11. Qe2
{[%clk 0:38:24]} h6 {[%clk 1:21:04]} 12. Qc4 {[%clk 0:34:05]} Nxc3
{[%clk 1:17:09]} 13. bxc3 {[%clk 0:32:14]} Be6 {[%clk 1:16:35]} 14. Qe2 Bd5
{[%clk 1:11:58]} 15. Bf4 {[%clk 0:23:37]} Qe6 {[%clk 1:08:21]} 16. Be5
{[%clk 0:15:48]} Ne4 {[%clk 1:03:34]} 17. Qe3 {[%clk 0:13:55]} f6
{[%clk 1:00:51]} 18. Bxc7 {[%clk 0:09:05]} Kxc7 {[%clk 0:58:47]} 19. Nd4
{[%clk 0:09:30]} Qb6 {[%clk 0:55:23]} 20. Bxe4 {[%clk 0:08:33]} Bxe4
{[%clk 0:55:26]} 21. Qxe4 {[%clk 0:08:57]} Rd6 {[%clk 0:53:40]} 22. Rab1
{[%clk 0:08:03]} Qa7 {[%clk 0:53:57]} 23. Ne6+ {[%clk 0:07:58]} Kc8
{[%clk 0:54:04]} 24. c4 {[%clk 0:05:15]} b6 {[%clk 0:52:55]} 25. a5
{[%clk 0:04:05]} Qb7 {[%clk 0:51:05]} 26. Qxb7+ {[%clk 0:03:08]} Kxb7
{[%clk 0:51:19]} 27. Rxb6+ {[%clk 0:03:33]} Rxb6 {[%clk 0:51:09]} 28. axb6
{[%clk 0:03:57]} Kxb6 {[%clk 0:51:30]} 29. Rd1 {[%clk 0:03:09]} 1-0

[Event "v4camp2016"]
[Site "?"]
[Date "2016.06.23"]
[Round "4.20"]
[White "Gemsova, Tereza"]
[Black "Hlavinova, Martina"]
[Result "0-1"]
[BlackElo "1318"]
[WhiteElo "1457"]
[LiveChessVersion "1.4.8"]

1. e4 {[%clk 1:30:56]} e5 {[%clk 1:30:56]} 2. Nf3 {[%clk 1:31:07]} Nc6
{[%clk 1:31:18]} 3. Bc4 {[%clk 1:30:57]} Bc5 {[%clk 1:31:41]} 4. c3
{[%clk 1:31:09]} Nf6 {[%clk 1:31:53]} 5. d4 {[%clk 1:31:20]} exd4
{[%clk 1:32:04]} 6. cxd4 {[%clk 1:31:40]} Bb4+ {[%clk 1:32:23]} 7. Bd2
{[%clk 1:31:59]} Bxd2+ {[%clk 1:30:41]} 8. Nbxd2 {[%clk 1:32:20]} d5
{[%clk 1:29:59]} 9. exd5 {[%clk 1:31:49]} Nxd5 {[%clk 1:30:16]} 10. Qb3
{[%clk 1:30:14]} Nce7 {[%clk 1:21:06]} 11. O-O {[%clk 1:28:53]} O-O
{[%clk 1:21:26]} 12. Rfe1 {[%clk 1:25:20]} c6 {[%clk 1:16:44]} 13. Ne4
{[%clk 1:15:04]} Rb8 {[%clk 0:59:09]} 14. a4 {[%clk 1:10:02]} Ng6
{[%clk 0:49:01]} 15. Ne5 {[%clk 1:05:29]} Nxe5 {[%clk 0:45:59]} 16. dxe5
{[%clk 1:05:42]} Be6 {[%clk 0:39:48]} 17. Rad1 {[%clk 1:02:31]} Qh4
{[%clk 0:31:37]} 18. Rd4 {[%clk 0:54:33]} Qe7 {[%clk 0:22:42]} 19. Nd6
{[%clk 0:41:16]} Nb6 {[%clk 0:17:51]} 20. Bxe6 {[%clk 0:39:00]} Qxe6
{[%clk 0:17:57]} 21. Qxe6 {[%clk 0:38:06]} fxe6 {[%clk 0:18:21]} 22. Rb4
{[%clk 0:38:21]} Nc8 {[%clk 0:15:37]} 23. Ne4 {[%clk 0:26:32]} b6
{[%clk 0:12:39]} 24. a5 {[%clk 0:23:40]} Rd8 {[%clk 0:11:43]} 25. Nc5
{[%clk 0:21:29]} Kf7 {[%clk 0:10:53]} 26. f4 {[%clk 0:19:12]} Rd5
{[%clk 0:09:21]} 27. Rc1 {[%clk 0:18:04]} Ne7 {[%clk 0:08:26]} 28. a6
{[%clk 0:16:19]} Rbd8 {[%clk 0:05:54]} 29. Nb7 {[%clk 0:11:10]} Rd1+
{[%clk 0:06:06]} 30. Rxd1 {[%clk 0:11:07]} Rxd1+ {[%clk 0:06:31]} 31. Kf2
{[%clk 0:10:07]} Nf5 {[%clk 0:06:08]} 32. Ke2 {[%clk 0:03:02]} Ra1
{[%clk 0:05:21]} 33. Nd8+ {[%clk 0:03:11]} Ke7 {[%clk 0:03:25]} 34. Nxc6+
{[%clk 0:02:44]} Kd7 {[%clk 0:03:30]} 35. Nxa7 {[%clk 0:01:40]} Rxa6
{[%clk 0:03:18]} 36. Nb5 {[%clk 0:02:02]} Ra8 {[%clk 0:02:49]} 37. Nc3
{[%clk 0:01:50]} Rb8 {[%clk 0:02:57]} 38. Ne4 {[%clk 0:01:34]} h6
{[%clk 0:02:44]} 39. Nc5+ {[%clk 0:01:22]} Ke7 {[%clk 0:02:42]} 40. Na4
{[%clk 0:01:35]} b5 {[%clk 0:02:49]} 41. Nc3 {[%clk 0:01:53]} Kf7
{[%clk 0:03:04]} 42. Rxb5 {[%clk 0:01:25]} Nd4+ {[%clk 0:03:23]} 43. Kd3
{[%clk 0:01:25]} Nxb5 {[%clk 0:03:46]} 44. Ne4 {[%clk 0:01:18]} Rd8+
{[%clk 0:02:33]} 45. Ke3 {[%clk 0:01:21]} Rd1 {[%clk 0:02:17]} 46. b3
{[%clk 0:01:22]} Rh1 {[%clk 0:01:31]} 47. h3 {[%clk 0:01:32]} Re1+
{[%clk 0:01:19]} 48. Kf3 {[%clk 0:01:26]} Rb1 {[%clk 0:01:34]} 49. Nc5
{[%clk 0:01:28]} Nd4+ {[%clk 0:01:47]} 50. Ke3 {[%clk 0:01:27]} Nxb3
{[%clk 0:02:12]} 51. Ne4 {[%clk 0:01:07]} Rb2 {[%clk 0:01:41]} 52. g3
{[%clk 0:01:11]} Ke7 {[%clk 0:01:00]} 53. h4 {[%clk 0:00:53]} Nc1
{[%clk 0:01:09]} 0-1

[Event "v4camp2016"]
[Site "?"]
[Date "2016.06.23"]
[Round "4.21"]
[White "Golda, Sebastian"]
[Black "Brnusak, Andrej"]
[Result "1-0"]
[BlackElo "1668"]
[WhiteElo "1877"]
[LiveChessVersion "1.4.8"]

1. e4 {[%clk 1:30:07]} c5 {[%clk 1:30:47]} 2. Nf3 {[%clk 1:30:06]} e6
{[%clk 1:31:07]} 3. d4 {[%clk 1:30:32]} cxd4 {[%clk 1:31:29]} 4. Nxd4
{[%clk 1:31:00]} Nc6 {[%clk 1:31:49]} 5. Nc3 {[%clk 1:30:41]} Qc7
{[%clk 1:32:11]} 6. Be3 {[%clk 1:27:57]} a6 {[%clk 1:32:27]} 7. Qd2
{[%clk 1:21:21]} Nf6 {[%clk 1:28:27]} 8. f3 {[%clk 1:19:20]} Be7 {[%clk 1:26:22]}
9. Nb3 {[%clk 1:19:35]} O-O {[%clk 1:24:21]} 10. O-O-O {[%clk 1:15:59]} b5
{[%clk 1:20:34]} 11. g4 {[%clk 1:07:26]} Ne5 {[%clk 1:15:16]} 12. Be2
{[%clk 1:05:06]} Nc4 {[%clk 1:11:31]} 13. Bxc4 {[%clk 1:05:28]} bxc4
{[%clk 1:09:29]} 14. Nd4 {[%clk 1:05:22]} Rb8 {[%clk 1:06:25]} 15. Kb1
{[%clk 0:49:06]} Ba3 {[%clk 1:00:29]} 16. b3 {[%clk 0:45:57]} Bb4
{[%clk 0:57:12]} 17. Nde2 {[%clk 0:45:44]} a5 {[%clk 0:51:10]} 18. Qc1
{[%clk 0:45:40]} Ba6 {[%clk 0:44:18]} 19. Bd2 {[%clk 0:41:11]} Bb5
{[%clk 0:39:31]} 20. Nxb5 {[%clk 0:38:09]} Rxb5 {[%clk 0:39:32]} 21. Nc3
{[%clk 0:38:11]} Rb7 {[%clk 0:36:25]} 22. h4 Ra8 {[%clk 0:32:45]} 23. Na4
{[%clk 0:32:48]} c3 {[%clk 0:31:56]} 24. Bf4 {[%clk 0:32:05]} Qc6
{[%clk 0:29:23]} 25. Ka1 {[%clk 0:32:29]} d5 {[%clk 0:27:03]} 26. g5
{[%clk 0:06:35]} Nd7 {[%clk 0:25:01]} 27. exd5 {[%clk 0:07:01]} exd5
{[%clk 0:25:09]} 28. Be3 {[%clk 0:07:15]} Nc5 {[%clk 0:21:59]} 29. Nxc5
{[%clk 0:06:03]} Bxc5 {[%clk 0:22:21]} 30. a4 {[%clk 0:06:27]} Bxe3
{[%clk 0:18:58]} 31. Qxe3 {[%clk 0:06:55]} Rb4 {[%clk 0:18:40]} 32. Rd4
{[%clk 0:06:49]} Re8 {[%clk 0:16:26]} 33. Qd3 {[%clk 0:06:34]} Qc5
{[%clk 0:15:31]} 34. Rxb4 {[%clk 0:04:05]} Qxb4 {[%clk 0:15:44]} 35. Ka2
{[%clk 0:04:32]} d4 {[%clk 0:09:41]} 36. Rd1 {[%clk 0:03:09]} Rd8
{[%clk 0:08:59]} 37. Qb5 {[%clk 0:02:57]} g6 {[%clk 0:06:48]} 38. Qe5
{[%clk 0:02:18]} Qb6 {[%clk 0:05:17]} 39. f4 {[%clk 0:02:18]} Qb4
{[%clk 0:03:47]} 40. f5 {[%clk 0:01:29]} gxf5 {[%clk 0:03:28]} 41. h5
{[%clk 0:01:37]} d3 {[%clk 0:01:07]} 42. h6 {[%clk 0:00:52]} f6 {[%clk 0:00:58]}
43. gxf6 {[%clk 0:00:41]} Kf7 {[%clk 0:00:33]} 44. Rg1 {[%clk 0:00:36]} dxc2
{[%clk 0:00:35]} 45. Rg7+ {[%clk 0:01:00]} Kf8 {[%clk 0:00:54]} 46. Qe7+
{[%clk 0:00:54]} Qxe7 {[%clk 0:01:18]} 47. fxe7+ {[%clk 0:01:16]} Ke8
{[%clk 0:01:24]} 48. exd8=Q+ {[%clk 0:01:42]} Kxd8 {[%clk 0:01:46]} 49. Rg1
{[%clk 0:01:56]} 1-0

[Event "v4camp2016"]
[Site "?"]
[Date "2016.06.23"]
[Round "4.22"]
[White "Taragelova, Martina"]
[Black "Korcyl, Patryk"]
[Result "1/2-1/2"]
[BlackElo "1527"]
[WhiteElo "1656"]
[LiveChessVersion "1.4.8"]

1. e4 {[%clk 1:30:58]} c5 {[%clk 1:30:57]} 2. Nf3 {[%clk 1:31:21]} d6
{[%clk 1:31:20]} 3. Bb5+ {[%clk 1:31:44]} Bd7 {[%clk 1:31:22]} 4. a4
{[%clk 1:32:02]} Nf6 {[%clk 1:31:37]} 5. Nc3 {[%clk 1:32:14]} a6 {[%clk 1:31:05]}
6. Bxd7+ {[%clk 1:32:31]} Qxd7 {[%clk 1:31:27]} 7. O-O {[%clk 1:32:31]} Nc6
{[%clk 1:31:51]} 8. Re1 {[%clk 1:30:58]} Qc7 {[%clk 1:31:50]} 9. d3
{[%clk 1:30:50]} e6 {[%clk 1:30:34]} 10. Bf4 {[%clk 1:29:43]} Nh5
{[%clk 1:25:29]} 11. Bg5 {[%clk 1:26:30]} h6 {[%clk 1:24:18]} 12. Be3
{[%clk 1:25:18]} Nf6 {[%clk 1:23:44]} 13. d4 {[%clk 1:23:52]} Rd8
{[%clk 1:15:58]} 14. d5 {[%clk 1:19:49]} Na7 {[%clk 1:15:09]} 15. dxe6
{[%clk 1:16:20]} fxe6 {[%clk 1:15:29]} 16. Qe2 {[%clk 1:15:31]} Nc6
{[%clk 1:12:06]} 17. Rad1 {[%clk 0:57:58]} Be7 {[%clk 1:08:05]} 18. Bf4
{[%clk 0:56:04]} O-O {[%clk 0:56:21]} 19. e5 {[%clk 0:51:12]} Nd5
{[%clk 0:52:35]} 20. Nxd5 {[%clk 0:47:22]} exd5 {[%clk 0:52:46]} 21. exd6
{[%clk 0:44:00]} Bxd6 {[%clk 0:52:38]} 22. Qe6+ {[%clk 0:43:25]} Kh8
{[%clk 0:52:00]} 23. Bxd6 {[%clk 0:42:49]} Qxd6 {[%clk 0:51:23]} 24. Qxd6
{[%clk 0:41:40]} Rxd6 {[%clk 0:51:51]} 25. Ne5 {[%clk 0:41:24]} Nxe5
{[%clk 0:49:16]} 26. Rxe5 {[%clk 0:41:46]} Rfd8 {[%clk 0:49:36]} 27. f3
{[%clk 0:40:40]} Kg8 {[%clk 0:49:31]} 28. Rde1 {[%clk 0:39:17]} b6
{[%clk 0:49:27]} 29. Kf2 {[%clk 0:38:31]} d4 {[%clk 0:48:38]} 30. Re6
{[%clk 0:36:09]} c4 {[%clk 0:47:14]} 31. Rxd6 {[%clk 0:28:49]} Rxd6
{[%clk 0:47:36]} 32. Re8+ {[%clk 0:26:24]} Kf7 {[%clk 0:47:58]} 33. Rc8
{[%clk 0:26:38]} d3 {[%clk 0:47:52]} 34. cxd3 {[%clk 0:26:51]} Rxd3
{[%clk 0:46:00]} 35. Rxc4 {[%clk 0:25:59]} Rd2+ {[%clk 0:46:15]} 36. Kg3
{[%clk 0:26:15]} Rxb2 {[%clk 0:46:38]} 37. Re4 {[%clk 0:24:11]} a5
{[%clk 0:45:26]} 38. Re1 {[%clk 0:23:46]} Rb4 {[%clk 0:44:51]} 39. Re4
{[%clk 0:21:47]} Kf6 {[%clk 0:45:00]} 40. Kg4 {[%clk 0:20:29]} Rb2
{[%clk 0:43:59]} 41. Kg3 {[%clk 0:20:31]} b5 {[%clk 0:42:53]} 42. axb5
{[%clk 0:20:21]} Rxb5 {[%clk 0:43:18]} 43. Ra4 {[%clk 0:19:53]} g5
{[%clk 0:43:24]} 44. f4 {[%clk 0:19:03]} gxf4+ {[%clk 0:42:42]} 45. Rxf4+
{[%clk 0:19:18]} Ke5 {[%clk 0:43:02]} 46. Rh4 {[%clk 0:17:44]} Kd5
{[%clk 0:43:13]} 47. Rxh6 {[%clk 0:17:51]} Kc4 {[%clk 0:43:28]} 48. h4
{[%clk 0:16:06]} a4 {[%clk 0:43:40]} 49. Ra6 {[%clk 0:16:07]} Kb3
{[%clk 0:43:53]} 50. Kg4 {[%clk 0:16:01]} a3 {[%clk 0:44:11]} 51. h5
{[%clk 0:11:35]} a2 {[%clk 0:44:12]} 52. Rxa2 {[%clk 0:10:00]} Kxa2
{[%clk 0:44:31]} 53. h6 {[%clk 0:10:26]} Kb3 {[%clk 0:42:19]} 54. h7
{[%clk 0:10:44]} Rb8 {[%clk 0:42:39]} 55. Kh5 {[%clk 0:11:05]} Kc4
{[%clk 0:42:51]} 56. g4 {[%clk 0:05:32]} Kd5 {[%clk 0:41:36]} 57. g5
{[%clk 0:03:31]} Ke6 {[%clk 0:40:36]} 58. Kg6 {[%clk 0:02:20]} Rc8
{[%clk 0:34:16]} 59. Kg7 {[%clk 0:02:16]} Rc7+ {[%clk 0:33:09]} 60. Kh6
{[%clk 0:02:20]} Rc8 {[%clk 0:33:00]} 61. g6 {[%clk 0:01:06]} Kf6
{[%clk 0:30:12]} 62. g7 {[%clk 0:01:18]} Rc1 {[%clk 0:29:19]} 63. g8=N+
{[%clk 0:01:32]} Kf7 {[%clk 0:28:43]} 64. Nf6 {[%clk 0:01:14]} Rh1+
{[%clk 0:28:16]} 65. Nh5 {[%clk 0:01:31]} Rxh5+ {[%clk 0:28:23]} 66. Kxh5
{[%clk 0:01:52]} Kg7 {[%clk 0:28:51]} 67. Kg5 {[%clk 0:02:07]} 1/2-1/2

[Event "v4camp2016"]
[Site "?"]
[Date "2016.06.23"]
[Round "4.23"]
[White "Rog, Mateusz"]
[Black "Subjakova, Kristina"]
[Result "1-0"]
[BlackElo "1264"]
[WhiteElo "1403"]
[LiveChessVersion "1.4.8"]

1. e4 {[%clk 1:30:56]} e5 {[%clk 1:29:26]} 2. Nf3 {[%clk 1:31:09]} Nc6
{[%clk 1:29:48]} 3. Bc4 {[%clk 1:31:32]} Nd4 {[%clk 1:30:05]} 4. Nxd4
{[%clk 1:29:31]} exd4 {[%clk 1:30:23]} 5. O-O {[%clk 1:28:57]} Qf6
{[%clk 1:30:41]} 6. e5 {[%clk 1:29:03]} Qg6 {[%clk 1:30:43]} 7. d3
{[%clk 1:27:48]} Ne7 {[%clk 1:29:55]} 8. f4 {[%clk 1:26:03]} Qb6 {[%clk 1:29:49]}
9. f5 {[%clk 1:25:05]} Qc5 {[%clk 1:29:07]} 10. f6 {[%clk 1:24:16]} Ng6
{[%clk 1:29:20]} 11. fxg7 {[%clk 1:24:02]} Bxg7 {[%clk 1:29:24]} 12. Bxf7+
{[%clk 1:24:15]} Kd8 {[%clk 1:29:28]} 13. Qf3 {[%clk 1:18:23]} Rf8
{[%clk 1:29:35]} 14. Bg5+ {[%clk 1:12:32]} Ne7 {[%clk 1:29:56]} 15. Nd2
{[%clk 1:11:45]} Qxe5 {[%clk 1:29:20]} 16. Bxe7+ {[%clk 1:11:40]} Qxe7
{[%clk 1:29:37]} 17. Rae1 {[%clk 1:11:55]} Qg5 {[%clk 1:29:09]} 18. Ne4
{[%clk 1:10:20]} Qb5 {[%clk 1:28:39]} 19. Qg4 {[%clk 1:09:57]} Be5
{[%clk 1:28:39]} 20. Qg5+ {[%clk 1:09:41]} Bf6 {[%clk 1:28:23]} 21. Qxf6#
{[%clk 1:10:06]} 1-0

[Event "v4camp2016"]
[Site "?"]
[Date "2016.06.23"]
[Round "4.24"]
[White "Datelova, Daniela"]
[Black "Surpeta, Julia"]
[Result "0-1"]
[BlackElo "1492"]
[WhiteElo "1331"]
[LiveChessVersion "1.4.8"]

1. f4 {[%clk 1:30:57]} Nc6 {[%clk 1:27:33]} 2. d4 {[%clk 1:30:41]} d5
{[%clk 1:27:23]} 3. e3 {[%clk 1:31:06]} b6 {[%clk 1:27:37]} 4. Nc3
{[%clk 1:30:54]} Nf6 {[%clk 1:27:58]} 5. Nf3 {[%clk 1:31:10]} a6 {[%clk 1:26:18]}
6. Bd3 {[%clk 1:31:15]} e6 {[%clk 1:26:31]} 7. Bd2 {[%clk 1:31:08]} Bb7
{[%clk 1:26:07]} 8. O-O {[%clk 1:31:06]} Bd6 {[%clk 1:26:18]} 9. Ne5
{[%clk 1:29:46]} Ne7 {[%clk 1:25:58]} 10. Rf3 {[%clk 1:27:09]} Ne4
{[%clk 1:22:41]} 11. Bxe4 {[%clk 1:25:32]} dxe4 {[%clk 1:23:05]} 12. Rh3
{[%clk 1:23:56]} Ng6 {[%clk 1:14:32]} 13. Qg4 {[%clk 1:20:10]} Qf6
{[%clk 1:02:39]} 14. Rf1 {[%clk 1:17:50]} O-O-O {[%clk 1:02:27]} 15. Be1
{[%clk 1:12:37]} Qe7 {[%clk 1:01:11]} 16. Bh4 {[%clk 1:12:09]} Nxh4
{[%clk 0:51:45]} 17. Rxh4 {[%clk 1:12:20]} f6 {[%clk 0:51:09]} 18. Nc4
{[%clk 1:12:27]} Kb8 {[%clk 0:51:08]} 19. f5 {[%clk 1:09:23]} e5 {[%clk 0:51:12]}
20. dxe5 {[%clk 1:08:14]} Bxe5 {[%clk 0:49:51]} 21. Nxe4 {[%clk 1:08:23]} h5
{[%clk 0:48:28]} 22. Qe2 {[%clk 1:05:18]} g5 {[%clk 0:47:17]} 23. fxg6
{[%clk 1:05:33]} Bxe4 {[%clk 0:47:30]} 24. Nxe5 {[%clk 1:03:55]} Qxe5
{[%clk 0:47:53]} 25. g7 {[%clk 1:03:34]} Rhg8 {[%clk 0:48:15]} 26. Rxh5
{[%clk 1:03:40]} Qxb2 {[%clk 0:45:34]} 27. Rd1 {[%clk 0:50:34]} Rc8
{[%clk 0:33:59]} 28. Rd7 {[%clk 0:42:57]} f5 {[%clk 0:32:11]} 29. Rg5
{[%clk 0:41:07]} Bc6 {[%clk 0:30:27]} 30. Rf7 {[%clk 0:40:36]} Qxa2
{[%clk 0:30:42]} 31. Rfxf5 {[%clk 0:39:08]} Rcd8 {[%clk 0:26:21]} 32. Qf1
{[%clk 0:38:57]} Qa3 {[%clk 0:24:09]} 33. Rf7 {[%clk 0:36:51]} Qxe3+
{[%clk 0:24:18]} 34. Kh1 {[%clk 0:33:42]} Qxg5 {[%clk 0:24:25]} 0-1

[Event "v4camp2016"]
[Site "?"]
[Date "2016.06.23"]
[Round "4.25"]
[White "Janecek, Miroslav"]
[Black "Gorog, Almos"]
[Result "1/2-1/2"]
[BlackElo "1976"]
[WhiteElo "1454"]
[LiveChessVersion "1.4.8"]

1. d4 {[%clk 1:30:57]} Nf6 {[%clk 1:30:55]} 2. c4 {[%clk 1:27:49]} g6
{[%clk 1:31:21]} 3. Nc3 {[%clk 1:28:12]} d5 {[%clk 1:31:48]} 4. cxd5
{[%clk 1:28:33]} Nxd5 {[%clk 1:32:12]} 5. e4 {[%clk 1:28:59]} Nxc3
{[%clk 1:32:38]} 6. bxc3 {[%clk 1:29:27]} Bg7 {[%clk 1:33:00]} 7. Bc4
{[%clk 1:28:59]} O-O {[%clk 1:33:26]} 8. Ne2 {[%clk 1:28:28]} c5 {[%clk 1:33:52]}
9. Be3 {[%clk 1:27:39]} cxd4 {[%clk 1:33:21]} 10. cxd4 {[%clk 1:27:43]} Nc6
{[%clk 1:33:39]} 11. O-O {[%clk 1:26:33]} Bg4 {[%clk 1:33:45]} 12. f3
{[%clk 1:26:26]} Na5 {[%clk 1:34:11]} 13. Bxf7+ {[%clk 1:21:51]} Rxf7
{[%clk 1:34:37]} 14. fxg4 {[%clk 1:22:13]} Rxf1+ {[%clk 1:35:04]} 15. Qxf1
{[%clk 1:21:25]} Qd7 {[%clk 1:26:54]} 16. h3 {[%clk 1:14:29]} Rf8
{[%clk 1:25:55]} 17. Qd1 {[%clk 1:14:18]} b5 {[%clk 1:25:55]} 18. Kh1
{[%clk 1:10:31]} Rd8 {[%clk 1:19:43]} 19. Qd3 {[%clk 1:03:50]} a6
{[%clk 1:00:55]} 20. a4 {[%clk 0:56:49]} Nc4 {[%clk 0:49:28]} 21. Bg1
{[%clk 0:53:26]} e6 {[%clk 0:29:37]} 22. Rb1 {[%clk 0:41:56]} Ne5
{[%clk 0:22:41]} 23. Qg3 {[%clk 0:36:00]} Nc6 {[%clk 0:19:32]} 24. axb5
{[%clk 0:35:10]} axb5 {[%clk 0:19:59]} 25. Rxb5 {[%clk 0:32:42]} Nxd4 26. Nxd4
{[%clk 0:32:44]} Bxd4 {[%clk 0:17:42]} 27. Rb8 {[%clk 0:16:11]} Bxg1
{[%clk 0:06:37]} 28. Rxd8+ {[%clk 0:16:29]} Qxd8 {[%clk 0:07:03]} 29. Kxg1
{[%clk 0:16:54]} Qd4+ {[%clk 0:07:29]} 30. Kh2 {[%clk 0:17:21]} Qxe4
{[%clk 0:07:01]} 31. Qd6 {[%clk 0:16:25]} Qd5 {[%clk 0:02:13]} 32. Qe7
{[%clk 0:13:05]} e5 {[%clk 0:00:55]} 1/2-1/2

[Event "v4camp2016"]
[Site "?"]
[Date "2016.06.23"]
[Round "4.26"]
[White "Zlotov, Viktor"]
[Black "Palyza, Lukas"]
[Result "1/2-1/2"]
[BlackElo "1348"]
[WhiteElo "1533"]
[LiveChessVersion "1.4.8"]

1. e4 {[%clk 1:30:58]} e5 {[%clk 1:30:58]} 2. Nf3 {[%clk 1:31:17]} Nc6
{[%clk 1:31:23]} 3. Bc4 {[%clk 1:31:27]} Bc5 {[%clk 1:31:46]} 4. c3
{[%clk 1:31:33]} Nf6 {[%clk 1:32:06]} 5. d3 {[%clk 1:31:24]} h6 {[%clk 1:31:08]}
6. O-O {[%clk 1:29:58]} O-O {[%clk 1:30:15]} 7. Be3 {[%clk 1:28:07]} Bb6
{[%clk 1:28:16]} 8. Nbd2 {[%clk 1:25:53]} d6 {[%clk 1:25:51]} 9. b4
{[%clk 1:24:03]} a6 {[%clk 1:21:47]} 10. Bb3 {[%clk 1:15:54]} Be6
{[%clk 1:16:54]} 11. Nc4 {[%clk 1:11:24]} Bxc4 {[%clk 1:09:25]} 12. Bxc4
{[%clk 1:10:07]} d5 {[%clk 1:09:30]} 13. exd5 {[%clk 1:06:41]} Nxd5
{[%clk 1:09:52]} 14. Qc1 {[%clk 1:05:49]} Re8 {[%clk 1:08:03]} 15. Rd1
{[%clk 0:57:00]} Nxe3 {[%clk 1:04:12]} 1/2-1/2